Statistics for call the midwife characters

Click here to take the quiz!

General Stats

  • This quiz has been taken 41 times
  • The average score is 9 of 12

Answer Stats

Answer% Correct
Sister Monica Joan
100%
Fred Buckle
83%
Sister Bernadette
83%
Sister Julienne
83%
Jenny Lee
80%
Patrick Turner
80%
Trixie Franklin
80%
Shelagh Turner
77%
Sister Evangelina
74%
Peter Noakes
57%
Cynthia Miller
51%
Chummy Noakes
46%

Score Distribution

Percentile by Number Answered

Percent of People with Each Score

Your Score History

You have not taken this quiz